Krónika
Báseň [pravdepodobne z pera regionálneho autora].
| Hlavný autor: | |
|---|---|
| Médium: | Článok |
| Jazyk: | Hungarian |
| Témy: | |
| Zdroj: |
1. Felvidéki Hirlap : Közgazdasági, társadalmi és szépirodalmi hetilap 1. Roč. 1, č. 30 (04.10.1908) s. 3 |
| LEADER | 00807nab#a2200313#ar4500 | ||
|---|---|---|---|
| 001 | 000072973 | ||
| 003 | SVKKK | ||
| 005 | 20030605xxxxxxx. | ||
| 008 | 06 c xo huno | ||
| FMT | |||
| 038 | |a SVKKK | ||
| 040 | |a SVKKK |b slo |e AACR2 | ||
| 041 | 0 | |a hun | |
| 044 | |a xo |c SK | ||
| 080 | |a 894.511(437.6)-1 | ||
| 100 | 0 | |a Fenő |4 aut | |
| 242 | 1 | 0 | |a Kronika |
| 245 | 1 | 0 | |a Krónika |c Fenő |
| 500 | |a mikrofilm | ||
| 520 | 2 | |a Báseň [pravdepodobne z pera regionálneho autora]. | |
| 650 | 0 | 4 | |a básne - literatúra maďarská - texty |
| 773 | 0 | |t Felvidéki Hirlap : Közgazdasági, társadalmi és szépirodalmi hetilap |g Roč. 1, č. 30 (04.10.1908) s. 3 | |
| 957 | |a Humenné [?] | ||
| 958 | |a DG | ||
| 958 | |a SK | ||
| 974 | |a Ba |d 20030605 | ||
| 992 | |a RBX | ||
| BAS | |||
| 998 | |a RETRO | ||